000 00495nam a2200181Ia 4500
001 2713
005 20260306144827.0
008 260306t2014||||xx |||||||||||||| ||spa||
041 _aESP
082 _a215
_bH82
100 _aHuarte, Joachim
_eAUT
245 0 _aLa reflexión teológico-moral sobre el embrión preimplantatorio:
_bla embriología usada por los teólogos
260 _c2014
300 _a246 páginas :
_c24 cm.
650 _aGEN
654 _aCHU
942 _cLIB
_dJUS
_fJUS
_2ddc
_n
999 _c2713
_d2713